<?xml version="1.0" encoding="UTF-8"?>
<record
    xmlns:xsi="http://www.w3.org/2001/XMLSchema-instance"
    xsi:schemaLocation="http://www.loc.gov/MARC21/slim http://www.loc.gov/standards/marcxml/schema/MARC21slim.xsd"
    xmlns="http://www.loc.gov/MARC21/slim">

  <leader>00620nam a22002177b 4500</leader>
  <controlfield tag="003">3228</controlfield>
  <controlfield tag="005">20251127142137.0</controlfield>
  <controlfield tag="008">240731b        sa ||||| |||| 00| 1 AFR d</controlfield>
  <datafield tag="020" ind1=" " ind2=" ">
    <subfield code="a">9780799344844 (paperback)</subfield>
  </datafield>
  <datafield tag="040" ind1=" " ind2=" ">
    <subfield code="a">MPL</subfield>
    <subfield code="c">3228</subfield>
    <subfield code="b">eng</subfield>
    <subfield code="d">2000</subfield>
    <subfield code="e">rda</subfield>
  </datafield>
  <datafield tag="041" ind1=" " ind2=" ">
    <subfield code="a">Afrikaans</subfield>
  </datafield>
  <datafield tag="082" ind1=" " ind2=" ">
    <subfield code="a">AF VANT</subfield>
  </datafield>
  <datafield tag="100" ind1=" " ind2=" ">
    <subfield code="9">123443</subfield>
    <subfield code="a"> Van Tonder, Annetjie  </subfield>
    <subfield code="e">author</subfield>
  </datafield>
  <datafield tag="245" ind1=" " ind2=" ">
    <subfield code="a">Nooit weer alleen /</subfield>
    <subfield code="c">Annetjie van Tonder.</subfield>
  </datafield>
  <datafield tag="250" ind1=" " ind2=" ">
    <subfield code="a">Eerste uitgawe</subfield>
  </datafield>
  <datafield tag="260" ind1=" " ind2=" ">
    <subfield code="a">Pretoria :</subfield>
    <subfield code="b">Romanza ,</subfield>
    <subfield code="c">2009.</subfield>
  </datafield>
  <datafield tag="300" ind1=" " ind2=" ">
    <subfield code="a">197 pages :</subfield>
    <subfield code="c">17 cm.</subfield>
  </datafield>
  <datafield tag="655" ind1=" " ind2="0">
    <subfield code="9">189056</subfield>
    <subfield code="a">Afrikaans Fiction</subfield>
  </datafield>
  <datafield tag="655" ind1=" " ind2="0">
    <subfield code="9">188216</subfield>
    <subfield code="a">Light Romance</subfield>
  </datafield>
  <datafield tag="942" ind1=" " ind2=" ">
    <subfield code="2">ddc</subfield>
    <subfield code="c">BK</subfield>
    <subfield code="y">296</subfield>
    <subfield code="z">Phillipina Naude</subfield>
  </datafield>
  <datafield tag="999" ind1=" " ind2=" ">
    <subfield code="c">762704</subfield>
    <subfield code="d">762703</subfield>
  </datafield>
  <datafield tag="952" ind1=" " ind2=" ">
    <subfield code="0">0</subfield>
    <subfield code="1">0</subfield>
    <subfield code="4">0</subfield>
    <subfield code="7">0</subfield>
    <subfield code="a">MBOML</subfield>
    <subfield code="b">MBOML</subfield>
    <subfield code="d">2024-04-12</subfield>
    <subfield code="l">1</subfield>
    <subfield code="p">33001000174903</subfield>
    <subfield code="r">2024-04-26</subfield>
    <subfield code="s">2024-04-12</subfield>
    <subfield code="w">2024-04-12</subfield>
  </datafield>
  <datafield tag="952" ind1=" " ind2=" ">
    <subfield code="0">0</subfield>
    <subfield code="1">0</subfield>
    <subfield code="2">ddc</subfield>
    <subfield code="4">0</subfield>
    <subfield code="7">0</subfield>
    <subfield code="8">F</subfield>
    <subfield code="a">SECL</subfield>
    <subfield code="b">SECL</subfield>
    <subfield code="c">FIC</subfield>
    <subfield code="d">2024-07-31</subfield>
    <subfield code="g">100.00</subfield>
    <subfield code="l">0</subfield>
    <subfield code="o">AF VANT</subfield>
    <subfield code="p">066839</subfield>
    <subfield code="r">2024-07-31</subfield>
    <subfield code="w">2024-07-31</subfield>
    <subfield code="y">BOOK</subfield>
  </datafield>
  <datafield tag="952" ind1=" " ind2=" ">
    <subfield code="0">0</subfield>
    <subfield code="1">0</subfield>
    <subfield code="2">ddc</subfield>
    <subfield code="4">0</subfield>
    <subfield code="7">0</subfield>
    <subfield code="8">F</subfield>
    <subfield code="a">KLIPL</subfield>
    <subfield code="b">KLIPL</subfield>
    <subfield code="c">FIC</subfield>
    <subfield code="d">2025-11-27</subfield>
    <subfield code="l">0</subfield>
    <subfield code="o">AF VANT</subfield>
    <subfield code="p">139011</subfield>
    <subfield code="r">2025-11-27</subfield>
    <subfield code="w">2025-11-27</subfield>
    <subfield code="y">BK</subfield>
    <subfield code="z">D117073</subfield>
  </datafield>
</record>
